000 01512nam a22003137a 4500
003 EG-GICUC
005 20260504200823.0
008 260504s2006 ua ||||fr|||| 00| 0 ara d
040 _a EG-GICUC
_bara
_c EG-GICUC
_d EG-GICUC
_erda
041 _aara
082 0 4 _221
_a345
_bم ا . ق
092 0 4 _221
099 _aLaw1 07 345 2006 م ا . ق
100 0 _aماجد راغب الحلو
_eمؤلف.
245 1 2 _aالقانون الإدارى /
_cماجد راغب الحلو
264 _aالإسكندرية :
_bدار الجامعة الجديدة ,
_c2006.
300 _a576صفحة;
_c24 سم
_bإيضاحيات، صور، مثيليات ؛
336 _2rda content
_atext
337 _2rda media
_aComputer
338 _2rda carrier
_aOnline Resource
504 _a. 240-220 ببليوجرافيا: صفحات.
505 _aذاتية القانون الاداري - المركزية واللامركزية - الأموال العامة الموظف العام - المرافق العامة - الضبط الاداري - القرار الاداري - العقد الإداري - السلطة التقديرية التنفيذ المباشر نزع الملكية للمنفعة العامة التحكيم الإداري - الحجز الإداري
546 _aالنص باللغة العربية
650 1 _aالقانون الإدارى
_2qrmak
651 1 _2qrmak
856 4 0 _uhttps://fll.law.cu.edu.eg/fulltext/bks/B07-03271.pdf
905 _a44
942 _2ddc
_cBK
_e21
_n0
999 _c75548
_d75548